M-1 グランプリ優勝コンビ - サドンデス - Statistics

General Stats
  • This quiz has been taken 1,554 times
  • The average score is 12 of 19
Answers on the Grid
Answers color-coded by a green-red scale on the quiz's grid according to % correct below.
NON STYLE
かまいたち
さや香
とろサーモン
ますだおかだ
アンタッチャブル
ウエストランド
オズワルド
オードリー
サンドウィッチマン
ジャルジャル
スーパーマラドーナ
チュートリアル
トレンディエンジェル
トータルテンボス
ナイツ
バッテリィズ
パンクブーブー
フットボールアワー
ブラックマヨネーズ
マヂカルラブリー
ミルクボーイ
ヤーレンズ
中川家
令和ロマン
千鳥
和牛
笑い飯
銀シャリ
錦鯉
霜降り明星
麒麟
 
Answer Stats
Answer % Correct
NON STYLE
82%
ウエストランド
73%
サンドウィッチマン
73%
令和ロマン
71%
とろサーモン
70%
ミルクボーイ
66%
中川家
66%
錦鯉
66%
アンタッチャブル
65%
霜降り明星
65%
ますだおかだ
64%
笑い飯
62%
マヂカルラブリー
61%
トレンディエンジェル
60%
ブラックマヨネーズ
60%
チュートリアル
58%
フットボールアワー
57%
パンクブーブー
54%
銀シャリ
54%
No matching quizzes found
Score Distribution
Percent of People with Each Score
Percentile by Number Answered
Your Score History
You have not taken this quiz